Open Data Biblioteca Nacional de Portugal


República Portuguesa: Ministério da Cultura
Biblioteca Nacional de Portugal

Catálogo da BNP: acesso por Identificadores Unívocos
Registos Bibliográficos associados ao registo de autoridade

Etiqueta de registo: 00254nam 2200025 450
001 2285307
003 http://id.bnportugal.gov.pt/bib/catbnp/2285307
021 ## $aPT$b559446/26
100 ## $a20260427d2026 m y0pory01030103ba
101 0# $apor
102 ## $aPT
105 ## $ay z 000yy
106 ## $ar
200 1# $aFamília, morada das razões de existência e da fé$fTelmo da Glória Serôdio$gpref. Carlos Manuel Vila Nova$gposf. Bispo de Aveiro
210 #9 $a[S.l.$cs.n.],$dD.L. 2026$g(Gráfica Diário do Minho)
215 ## $a127 p.$d24 cm
700 #1 $aSerôdio,$bTelmo da Glória$31997011
702 #1 $aVila Nova,$bCarlos Manuel$4080$31997015
712 01 $aAveiro.$bBispo,$c2014-2024 (António Manuel Moiteiro Ramos)$4075$31739888
801 #0 $aPT$bBN$gRPC
966 ## $lBN$mFGMON$x1
966 ## $lBN$mFGMON$x1
971 ## $cssilva$d20260427

OpendataBNP@bnportugal.pt | Mais informação sobre acesso aos dados BNP